[Event "EUYCC 2024 U10"]
[Site "?"]
[Date "2024.08.08"]
[Round "4.8"]
[White "Malchev, Nikola"]
[Black "Malcheva, Niya"]
[Result "1-0"]
[BlackElo "1551"]
[WhiteElo "1561"]
[LiveChessVersion "1.4.8"]

1. e4 {[%clk 1:30:33]} c6 {[%clk 1:30:41]} 2. d4 {[%clk 1:30:20]} d5
{[%clk 1:30:45]} 3. e5 {[%clk 1:29:56]} Bf5 {[%clk 1:30:59]} 4. h4
{[%clk 1:29:58]} h5 {[%clk 1:31:18]} 5. Bd3 {[%clk 1:29:59]} Bxd3
{[%clk 1:31:37]} 6. Qxd3 {[%clk 1:29:18]} Qa5+ {[%clk 1:31:53]} 7. Nd2
{[%clk 1:29:27]} Qa6 {[%clk 1:32:20]} 8. c4 {[%clk 1:29:45]} e6 {[%clk 1:32:12]}
9. b3 {[%clk 1:30:02]} Ne7 {[%clk 1:31:57]} 10. Qc2 {[%clk 1:29:52]} Nf5
{[%clk 1:30:47]} 11. Ngf3 {[%clk 1:29:56]} Be7 {[%clk 1:27:42]} 12. a4
{[%clk 1:29:22]} Nd7 {[%clk 1:25:19]} 13. Ba3 {[%clk 1:28:59]} Bxa3
{[%clk 1:23:58]} 14. Rxa3 {[%clk 1:28:39]} Qb6 {[%clk 1:15:29]} 15. c5
{[%clk 1:27:50]} Qd8 {[%clk 1:10:40]} 16. b4 {[%clk 1:26:23]} a6 {[%clk 1:10:53]}
17. Nf1 {[%clk 1:26:02]} Nf8 {[%clk 1:05:32]} 18. Ne3 {[%clk 1:26:08]} Nxe3
{[%clk 1:05:47]} 19. Rxe3 {[%clk 1:26:34]} Ng6 {[%clk 1:05:24]} 20. g3
{[%clk 1:26:44]} Ne7 {[%clk 1:04:52]} 21. Ng5 {[%clk 1:26:34]} Nf5
{[%clk 1:03:58]} 22. Rd3 {[%clk 1:26:13]} Qd7 {[%clk 0:58:01]} 23. Nh3
{[%clk 1:26:06]} a5 {[%clk 0:57:26]} 24. O-O {[%clk 1:25:48]} axb4
{[%clk 0:56:58]} 25. Rb1 {[%clk 1:26:11]} O-O {[%clk 0:55:16]} 26. Nf4
{[%clk 1:26:01]} g6 {[%clk 0:55:27]} 27. Rxb4 {[%clk 1:26:12]} Qc7
{[%clk 0:52:38]} 28. Ng2 {[%clk 1:26:05]} Rfb8 {[%clk 0:46:34]} 29. Qb2
{[%clk 1:25:58]} Ra7 {[%clk 0:44:26]} 30. Ne3 {[%clk 1:25:56]} Nxe3
{[%clk 0:44:09]} 31. Rxe3 {[%clk 1:26:22]} Kg7 {[%clk 0:39:38]} 32. Ra3
{[%clk 1:26:03]} Ra5 {[%clk 0:34:53]} 33. Rb6 {[%clk 1:25:41]} Qc8
{[%clk 0:33:32]} 34. Qb4 {[%clk 1:24:25]} Rba8 {[%clk 0:29:53]} 35. Rxb7
{[%clk 1:23:38]} Rxa4 {[%clk 0:29:58]} 36. Rxa4 {[%clk 1:24:06]} Rxa4
{[%clk 0:30:20]} 37. Rxf7+ {[%clk 1:24:27]} Kxf7 {[%clk 0:30:44]} 38. Qxa4
{[%clk 1:24:48]} Qb7 {[%clk 0:30:32]} 39. Kg2 {[%clk 1:24:46]} Kg7
{[%clk 0:24:28]} 40. Qa3 {[%clk 1:24:46]} Qd7 {[%clk 0:22:17]} 41. Qe3
{[%clk 1:23:41]} Qf7 {[%clk 0:21:36]} 42. Qg5 {[%clk 1:23:59]} Qf8
{[%clk 0:21:34]} 43. f3 {[%clk 1:23:11]} Qf7 {[%clk 0:20:17]} 44. Qd8
{[%clk 1:22:26]} Qf5 {[%clk 0:18:53]} 45. Qe7+ {[%clk 1:22:36]} Kg8
{[%clk 0:14:50]} 46. Qd8+ {[%clk 1:22:07]} Kf7 {[%clk 0:13:38]} 47. Qc7+
{[%clk 1:22:34]} Kg8 {[%clk 0:12:55]} 48. Qb8+ {[%clk 1:23:01]} Kf7
{[%clk 0:13:13]} 49. Qb2 {[%clk 1:23:14]} Kg7 {[%clk 0:12:45]} 50. Qe2
{[%clk 1:23:07]} Qb1 {[%clk 0:11:40]} 51. g4 {[%clk 1:23:11]} hxg4
{[%clk 0:12:07]} 52. fxg4 {[%clk 1:23:33]} Qb4 {[%clk 0:12:30]} 53. Qf2
{[%clk 1:23:42]} Qb1 {[%clk 0:12:30]} 54. Qe3 {[%clk 1:22:01]} Qd1
{[%clk 0:12:15]} 55. Kg3 {[%clk 1:22:13]} Kh7 {[%clk 0:10:52]} 56. Qf2
{[%clk 1:20:16]} Qd3+ {[%clk 0:10:19]} 57. Kf4 {[%clk 1:20:38]} Qe4+
{[%clk 0:10:30]} 58. Kg5 {[%clk 1:20:45]} Kg8 {[%clk 0:07:49]} 59. Qf6
{[%clk 1:20:35]} Qe3+ {[%clk 0:08:11]} 60. Kxg6 {[%clk 1:21:03]} Qe4+
{[%clk 0:07:40]} 61. Kh6 {[%clk 1:21:28]} Qxg4 {[%clk 0:06:03]} 62. Qg5+
{[%clk 1:19:41]} Qxg5+ {[%clk 0:06:13]} 63. Kxg5 {[%clk 1:20:08]} Kg7
{[%clk 0:06:34]} 64. h5 {[%clk 1:20:31]} Kh7 {[%clk 0:06:59]} 65. Kf6
{[%clk 1:20:39]} Kh6 {[%clk 0:07:24]} 66. Kxe6 {[%clk 1:21:04]} Kxh5
{[%clk 0:07:51]} 67. Kf7 {[%clk 1:21:25]} Kg5 {[%clk 0:08:16]} 68. e6
{[%clk 1:21:49]} Kf4 {[%clk 0:08:43]} 69. e7 {[%clk 1:22:12]} Ke4
{[%clk 0:09:11]} 70. e8=Q+ {[%clk 1:22:35]} Kxd4 {[%clk 0:09:34]} 71. Qxc6
{[%clk 1:22:55]} Kc4 {[%clk 0:09:51]} 72. Ke6 {[%clk 1:23:20]} d4
{[%clk 0:10:12]} 73. Qd5+ {[%clk 1:23:44]} Kc3 {[%clk 0:10:29]} 74. c6
{[%clk 1:24:09]} d3 {[%clk 0:10:51]} 75. c7 {[%clk 1:24:32]} Kd2 {[%clk 0:11:06]}
76. c8=Q {[%clk 1:24:54]} Ke2 {[%clk 0:11:19]} 77. Kd6 {[%clk 1:25:13]} d2
{[%clk 0:11:32]} 78. Qce6+ {[%clk 1:25:38]} Kd1 {[%clk 0:11:53]} 79. Qe3
{[%clk 1:25:52]} Kc1 {[%clk 0:12:13]} 80. Qdxd2+ {[%clk 1:26:12]} Kb1
{[%clk 0:12:32]} 81. Qee1# {[%clk 1:26:26]} 1-0

[Event "EUYCC 2024 U10"]
[Site "?"]
[Date "2024.08.08"]
[Round "4.9"]
[White "Bartecek, David"]
[Black "Fan, Sizhuo"]
[Result "0-1"]
[BlackElo "1895"]
[WhiteElo "1411"]
[LiveChessVersion "1.4.8"]

1. e4 {[%clk 1:30:58]} e5 {[%clk 1:30:57]} 2. Nf3 {[%clk 1:31:24]} Nc6
{[%clk 1:31:20]} 3. d4 {[%clk 1:31:46]} exd4 {[%clk 1:31:37]} 4. Nxd4
{[%clk 1:32:11]} Nf6 {[%clk 1:31:45]} 5. Nc3 {[%clk 1:32:33]} Bb4
{[%clk 1:31:56]} 6. Nxc6 {[%clk 1:32:36]} bxc6 {[%clk 1:32:12]} 7. Bd3
{[%clk 1:32:55]} h6 {[%clk 1:31:59]} 8. O-O {[%clk 1:32:53]} O-O {[%clk 1:32:07]}
9. h3 {[%clk 1:33:19]} d5 {[%clk 1:31:24]} 10. e5 {[%clk 1:33:32]} Nd7
{[%clk 1:29:07]} 11. Bf4 {[%clk 1:32:21]} Re8 {[%clk 1:28:34]} 12. Re1
{[%clk 1:32:30]} d4 {[%clk 1:28:37]} 13. Re4 {[%clk 1:30:58]} c5 {[%clk 1:27:50]}
14. Nb5 {[%clk 1:28:56]} a6 {[%clk 1:26:34]} 15. Na3 {[%clk 1:28:58]} Bb7
{[%clk 1:26:49]} 16. Re2 {[%clk 1:29:01]} Nb6 {[%clk 1:26:44]} 17. Nc4
{[%clk 1:27:56]} Qd7 {[%clk 1:21:36]} 18. a3 {[%clk 1:27:24]} Nxc4
{[%clk 1:21:26]} 19. Bxc4 {[%clk 1:26:31]} Ba5 {[%clk 1:20:44]} 20. Bd2
{[%clk 1:25:04]} Bb6 {[%clk 1:18:41]} 21. Qe1 {[%clk 1:22:37]} Qc6
{[%clk 1:18:14]} 22. f3 {[%clk 1:22:29]} Qg6 {[%clk 1:16:51]} 23. Qf2
{[%clk 1:21:33]} Qxc2 {[%clk 1:15:36]} 24. Bc3 {[%clk 1:20:29]} Qg6
{[%clk 1:15:05]} 25. Be1 {[%clk 1:20:16]} d3 {[%clk 1:15:02]} 26. Re3
{[%clk 1:19:49]} Rad8 {[%clk 1:14:21]} 27. Rd1 {[%clk 1:17:41]} Bd5
{[%clk 1:14:05]} 28. Bxd3 {[%clk 1:17:37]} Qc6 {[%clk 1:14:10]} 29. Re2
{[%clk 1:12:26]} c4 {[%clk 1:14:19]} 30. Qxb6 {[%clk 1:11:17]} cxb6
{[%clk 1:16:41]} 31. Rc1 {[%clk 1:11:27]} Qb5 {[%clk 1:16:39]} 32. Bc2
{[%clk 1:11:13]} c3 {[%clk 1:17:01]} 33. Bxc3 {[%clk 1:11:23]} Qxe2
{[%clk 1:17:25]} 34. Kh2 {[%clk 1:10:02]} Bxf3 {[%clk 1:17:43]} 35. Rg1
{[%clk 1:10:08]} Qxc2 {[%clk 1:18:00]} 36. Kh1 {[%clk 1:09:38]} Qf5
{[%clk 1:18:01]} 37. Kh2 {[%clk 1:09:33]} Qf4+ {[%clk 1:18:16]} 38. Kh1
{[%clk 1:09:33]} Qg3 {[%clk 1:18:31]} 39. Rf1 {[%clk 1:09:45]} Qxg2# 0-1

[Event "EUYCC 2024 U10"]
[Site "?"]
[Date "2024.08.08"]
[Round "4.12"]
[White "Holik, Ondrej"]
[Black "Grigore, Melania-Cristina"]
[Result "1/2-1/2"]
[BlackElo "1466"]
[WhiteElo "1701"]
[LiveChessVersion "1.4.8"]

1. e4 {[%clk 1:30:57]} c5 {[%clk 1:30:46]} 2. Nf3 {[%clk 1:31:16]} d6
{[%clk 1:30:50]} 3. d4 {[%clk 1:31:34]} cxd4 {[%clk 1:31:15]} 4. Nxd4
{[%clk 1:31:54]} Nf6 {[%clk 1:31:31]} 5. Nc3 {[%clk 1:32:08]} a6 {[%clk 1:31:25]}
6. Be3 {[%clk 1:32:34]} e6 {[%clk 1:31:26]} 7. f3 {[%clk 1:32:52]} Nc6
{[%clk 1:31:46]} 8. Qd2 {[%clk 1:33:05]} Be7 {[%clk 1:32:10]} 9. O-O-O
{[%clk 1:33:13]} O-O {[%clk 1:32:27]} 10. g4 {[%clk 1:33:27]} Nxd4
{[%clk 1:32:24]} 11. Bxd4 {[%clk 1:33:32]} b5 {[%clk 1:32:31]} 12. g5
{[%clk 1:33:39]} Nd7 {[%clk 1:32:53]} 13. h4 {[%clk 1:33:52]} b4 {[%clk 1:25:39]}
14. Ne2 {[%clk 1:30:25]} a5 {[%clk 1:25:24]} 15. Kb1 {[%clk 1:29:05]} a4
{[%clk 1:11:05]} 16. Qxb4 {[%clk 1:28:01]} d5 {[%clk 1:09:37]} 17. Qd2
{[%clk 1:27:40]} Rb8 {[%clk 1:07:58]} 18. exd5 {[%clk 1:27:09]} e5
{[%clk 1:01:22]} 19. Bc3 {[%clk 1:26:31]} Qb6 {[%clk 1:00:16]} 20. Ka1
{[%clk 1:21:06]} f6 {[%clk 0:54:13]} 21. Bh3 {[%clk 1:18:10]} Nc5
{[%clk 0:53:14]} 22. Bxc8 {[%clk 1:17:09]} Rfxc8 {[%clk 0:52:56]} 23. d6
{[%clk 1:16:47]} Bf8 {[%clk 0:52:42]} 24. Qd5+ {[%clk 1:16:27]} Kh8
{[%clk 0:52:07]} 25. gxf6 {[%clk 1:15:36]} gxf6 {[%clk 0:51:26]} 26. f4
{[%clk 1:15:36]} Nd7 {[%clk 0:51:01]} 27. Qf7 {[%clk 1:13:46]} Rxc3
{[%clk 0:49:40]} 28. Rb1 {[%clk 1:13:00]} Rxc2 {[%clk 0:49:32]} 29. Rhg1
{[%clk 1:10:55]} Bh6 {[%clk 0:49:48]} 30. Qxd7 {[%clk 1:07:55]} Rxe2
{[%clk 0:50:02]} 31. Qe6 {[%clk 1:06:18]} Bg7 {[%clk 0:49:22]} 32. Qe7
{[%clk 1:05:59]} Rg8 {[%clk 0:49:27]} 33. Rxg7 {[%clk 1:05:00]} Rxg7
{[%clk 0:48:37]} 34. Qf8+ {[%clk 1:05:19]} Rg8 {[%clk 0:49:04]} 35. Qxf6+
{[%clk 1:05:47]} 1/2-1/2

[Event "EUYCC 2024 U10"]
[Site "?"]
[Date "2024.08.09"]
[Round "5.1"]
[White "Trejbal, Jindrich"]
[Black "Chalampuente, Victor"]
[Result "0-1"]
[BlackElo "1851"]
[WhiteElo "1763"]
[LiveChessVersion "1.4.8"]

1. e4 {[%clk 1:30:57]} c6 {[%clk 1:30:44]} 2. d4 {[%clk 1:30:56]} d5
{[%clk 1:31:06]} 3. e5 {[%clk 1:30:44]} c5 {[%clk 1:31:27]} 4. c3
{[%clk 1:29:38]} cxd4 {[%clk 1:31:39]} 5. cxd4 {[%clk 1:29:40]} Nc6
{[%clk 1:32:04]} 6. Nf3 {[%clk 1:28:59]} Bg4 {[%clk 1:32:14]} 7. Be2
{[%clk 1:28:49]} e6 {[%clk 1:32:00]} 8. Be3 {[%clk 1:23:39]} Nge7
{[%clk 1:31:25]} 9. Nc3 {[%clk 1:22:08]} Nf5 {[%clk 1:30:21]} 10. Qd2
{[%clk 1:17:46]} Bb4 {[%clk 1:29:09]} 11. a3 {[%clk 1:16:33]} Ba5
{[%clk 1:29:16]} 12. h3 {[%clk 1:13:37]} Bxf3 {[%clk 1:26:29]} 13. Bxf3
{[%clk 1:12:39]} Nxe5 {[%clk 1:13:28]} 14. dxe5 {[%clk 1:08:44]} d4
{[%clk 1:13:39]} 15. b4 {[%clk 0:48:42]} Bb6 {[%clk 1:11:17]} 16. Bg5
{[%clk 0:37:41]} dxc3 {[%clk 1:05:13]} 17. Qxd8+ {[%clk 0:37:34]} Bxd8
{[%clk 1:05:31]} 18. Bxb7 {[%clk 0:36:27]} Bxg5 {[%clk 0:56:11]} 19. Bxa8
{[%clk 0:35:04]} Nd4 {[%clk 0:51:21]} 20. g3 {[%clk 0:27:20]} Nc2+
{[%clk 0:33:08]} 21. Ke2 {[%clk 0:25:55]} Nxa1 {[%clk 0:25:32]} 22. Rxa1
{[%clk 0:25:43]} Bd2 {[%clk 0:25:45]} 23. Kd3 {[%clk 0:24:33]} Ke7
{[%clk 0:25:56]} 24. Bc6 {[%clk 0:23:40]} f6 {[%clk 0:25:27]} 25. exf6+
{[%clk 0:20:51]} gxf6 {[%clk 0:25:28]} 26. b5 {[%clk 0:19:52]} Rd8+
{[%clk 0:24:27]} 27. Kc2 {[%clk 0:20:01]} Rd4 {[%clk 0:24:03]} 28. a4
{[%clk 0:18:42]} Rb4 {[%clk 0:23:21]} 29. a5 {[%clk 0:17:17]} Rb2+
{[%clk 0:22:19]} 30. Kd3 {[%clk 0:17:04]} Kd6 {[%clk 0:16:11]} 31. Bg2
{[%clk 0:12:59]} Rxb5 {[%clk 0:15:49]} 32. f4 {[%clk 0:13:04]} Rb2
{[%clk 0:15:18]} 33. Bf3 {[%clk 0:12:42]} c2 {[%clk 0:13:09]} 34. Kxd2
{[%clk 0:12:05]} Rb1 {[%clk 0:13:33]} 35. Kxc2 {[%clk 0:12:27]} Rxa1
{[%clk 0:13:25]} 36. Be4 {[%clk 0:12:39]} f5 {[%clk 0:13:28]} 37. Bd3
{[%clk 0:13:04]} Rxa5 {[%clk 0:13:46]} 38. g4 {[%clk 0:13:30]} Ra2+
{[%clk 0:13:56]} 39. Kb1 {[%clk 0:13:32]} Ra3 {[%clk 0:14:09]} 40. Bc2
{[%clk 0:13:49]} Rxh3 {[%clk 0:14:03]} 41. gxf5 {[%clk 0:14:16]} Rh1+
{[%clk 0:14:08]} 42. Kb2 {[%clk 0:14:30]} Rh2 {[%clk 0:14:29]} 43. f6
{[%clk 0:14:35]} h5 {[%clk 0:14:28]} 44. Kc3 {[%clk 0:14:59]} Rxc2+
{[%clk 0:14:45]} 45. Kxc2 {[%clk 0:15:21]} h4 {[%clk 0:15:04]} 46. f7
{[%clk 0:15:21]} Ke7 {[%clk 0:15:23]} 47. f8=Q+ {[%clk 0:15:26]} Kxf8
{[%clk 0:15:43]} 48. f5 {[%clk 0:15:46]} h3 {[%clk 0:15:51]} 49. fxe6
{[%clk 0:16:11]} h2 {[%clk 0:16:02]} 50. Kd3 {[%clk 0:16:35]} h1=Q
{[%clk 0:16:23]} 51. Kd4 {[%clk 0:16:58]} Ke7 {[%clk 0:16:47]} 52. Kc5
{[%clk 0:17:19]} Kxe6 {[%clk 0:16:16]} 53. Kb5 {[%clk 0:17:42]} Qc1
{[%clk 0:16:29]} 54. Ka6 {[%clk 0:18:02]} Qb2 {[%clk 0:16:41]} 55. Kxa7
{[%clk 0:18:25]} Qb5 {[%clk 0:16:39]} 56. Ka8 {[%clk 0:18:46]} Kd7
{[%clk 0:16:59]} 0-1

[Event "EUYCC 2024 U10"]
[Site "?"]
[Date "2024.08.09"]
[Round "5.2"]
[White "Gusev, Daniil Den"]
[Black "Mueller, Konstantin"]
[Result "0-1"]
[BlackElo "1835"]
[WhiteElo "1842"]
[LiveChessVersion "1.4.8"]

1. e4 {[%clk 1:30:45]} c5 {[%clk 1:30:51]} 2. Nc3 {[%clk 1:30:53]} e6
{[%clk 1:31:10]} 3. Nge2 {[%clk 1:30:52]} a6 {[%clk 1:31:13]} 4. g3
{[%clk 1:30:52]} b5 {[%clk 1:31:29]} 5. Bg2 {[%clk 1:29:02]} Bb7 {[%clk 1:31:41]}
6. d4 {[%clk 1:28:32]} cxd4 {[%clk 1:32:00]} 7. Nxd4 {[%clk 1:28:58]} Nf6
{[%clk 1:32:12]} 8. O-O {[%clk 1:26:59]} b4 {[%clk 1:31:58]} 9. Na4
{[%clk 1:27:00]} Bxe4 {[%clk 1:32:00]} 10. Bxe4 {[%clk 1:27:08]} Nxe4
{[%clk 1:32:20]} 11. Re1 {[%clk 1:14:29]} Nc5 {[%clk 1:32:29]} 12. c3
{[%clk 1:11:13]} Nxa4 {[%clk 1:32:42]} 13. Qxa4 {[%clk 1:11:38]} Qb6
{[%clk 1:32:39]} 14. Bd2 {[%clk 1:01:45]} Bc5 {[%clk 1:32:01]} 15. Re2
{[%clk 0:54:28]} O-O {[%clk 1:29:37]} 16. Nb3 {[%clk 0:53:56]} bxc3
{[%clk 1:21:31]} 17. Bxc3 {[%clk 0:54:12]} Be7 {[%clk 1:20:24]} 18. Qg4
{[%clk 0:53:21]} f6 {[%clk 1:20:32]} 19. Rd1 {[%clk 0:50:17]} e5 {[%clk 1:13:50]}
20. Qe4 {[%clk 0:49:44]} Qc6 {[%clk 1:02:14]} 21. Qxc6 {[%clk 0:49:16]} Nxc6
{[%clk 1:02:15]} 22. Rxd7 {[%clk 0:49:19]} Rfd8 {[%clk 1:02:05]} 23. Rc7
{[%clk 0:49:02]} Rac8 {[%clk 1:02:03]} 24. Rxc8 {[%clk 0:47:59]} Rxc8
{[%clk 1:02:20]} 25. Rd2 {[%clk 0:47:06]} Rd8 {[%clk 1:01:38]} 26. Rxd8+
{[%clk 0:47:04]} Nxd8 {[%clk 0:56:25]} 27. Na5 {[%clk 0:47:21]} Kf7
{[%clk 0:54:38]} 28. Kf1 {[%clk 0:47:43]} Ke6 {[%clk 0:54:32]} 29. Ke2
{[%clk 0:48:04]} Kd5 {[%clk 0:54:42]} 30. Kd3 {[%clk 0:39:39]} Ne6
{[%clk 0:52:00]} 31. b3 {[%clk 0:28:58]} Bc5 {[%clk 0:50:29]} 32. Ke2
{[%clk 0:24:04]} h5 {[%clk 0:47:15]} 33. Nc4 {[%clk 0:23:15]} g5 {[%clk 0:43:08]}
34. Ne3+ {[%clk 0:22:15]} Bxe3 {[%clk 0:42:50]} 35. fxe3 {[%clk 0:22:29]} Ke4
{[%clk 0:42:41]} 36. a4 {[%clk 0:21:53]} Nc5 {[%clk 0:41:28]} 37. Bb4
{[%clk 0:22:10]} Nxb3 {[%clk 0:40:41]} 38. Be7 {[%clk 0:22:23]} f5
{[%clk 0:39:16]} 39. h4 {[%clk 0:20:39]} g4 {[%clk 0:37:01]} 40. Bd6
{[%clk 0:20:55]} Nc1+ {[%clk 0:36:45]} 41. Kd2 {[%clk 0:20:52]} Nd3
{[%clk 0:36:54]} 42. Bc7 {[%clk 0:20:17]} Nb2 {[%clk 0:36:15]} 43. a5
{[%clk 0:18:17]} Nc4+ {[%clk 0:36:33]} 44. Ke2 {[%clk 0:18:43]} Nxe3
{[%clk 0:34:33]} 45. Bxe5 {[%clk 0:17:57]} Kxe5 {[%clk 0:34:42]} 46. Kxe3
{[%clk 0:18:21]} f4+ {[%clk 0:34:54]} 47. gxf4+ {[%clk 0:18:32]} Kf5
{[%clk 0:35:17]} 48. Kf2 {[%clk 0:18:50]} Kxf4 {[%clk 0:35:39]} 49. Kg2
{[%clk 0:19:17]} Ke5 {[%clk 0:35:24]} 50. Kg3 {[%clk 0:19:11]} Kd5
{[%clk 0:35:37]} 51. Kf4 {[%clk 0:19:36]} Kc5 {[%clk 0:36:00]} 52. Kg5
{[%clk 0:20:02]} g3 {[%clk 0:36:24]} 53. Kxh5 {[%clk 0:20:29]} g2
{[%clk 0:36:47]} 54. Kh6 {[%clk 0:20:56]} g1=Q {[%clk 0:37:07]} 55. h5
{[%clk 0:21:22]} Kd6 {[%clk 0:37:19]} 56. Kh7 {[%clk 0:21:48]} Ke7
{[%clk 0:37:40]} 57. h6 {[%clk 0:22:14]} Kf7 {[%clk 0:38:02]} 58. Kh8
{[%clk 0:22:32]} Qg8# {[%clk 0:38:26]} 0-1

[Event "EUYCC 2024 U10"]
[Site "?"]
[Date "2024.08.09"]
[Round "5.3"]
[White "Vo, Daniel"]
[Black "Doan, Hoang Minh"]
[Result "0-1"]
[BlackElo "1813"]
[WhiteElo "1707"]
[LiveChessVersion "1.4.8"]

1. e4 {[%clk 1:30:59]} c5 {[%clk 1:30:04]} 2. Nf3 {[%clk 1:31:01]} e6
{[%clk 1:30:07]} 3. d4 {[%clk 1:30:30]} cxd4 {[%clk 1:30:07]} 4. Nxd4
{[%clk 1:30:23]} Nc6 {[%clk 1:29:49]} 5. Nc3 {[%clk 1:27:16]} Qc7
{[%clk 1:29:29]} 6. Be3 {[%clk 1:24:33]} a6 {[%clk 1:29:49]} 7. Qf3
{[%clk 1:24:16]} Nf6 {[%clk 1:19:26]} 8. O-O-O {[%clk 1:21:17]} Bb4
{[%clk 1:13:10]} 9. Nxc6 {[%clk 1:19:09]} dxc6 {[%clk 1:08:16]} 10. Bd4
{[%clk 1:18:42]} Be7 {[%clk 1:03:29]} 11. Kb1 {[%clk 0:49:18]} b5
{[%clk 0:59:38]} 12. e5 {[%clk 0:41:55]} Nd7 {[%clk 0:54:27]} 13. Ne4
{[%clk 0:35:40]} O-O {[%clk 0:52:14]} 14. Qh5 {[%clk 0:30:09]} g6
{[%clk 0:42:17]} 15. Qh6 {[%clk 0:28:46]} Rd8 {[%clk 0:41:04]} 16. Nd6
{[%clk 0:18:24]} Nf8 {[%clk 0:34:57]} 17. h4 {[%clk 0:17:39]} c5 {[%clk 0:33:32]}
18. Be3 {[%clk 0:13:55]} Bxd6 {[%clk 0:29:35]} 19. exd6 {[%clk 0:13:58]} Rxd6
{[%clk 0:29:45]} 20. Bd3 {[%clk 0:14:06]} Rd7 {[%clk 0:27:50]} 21. Be4
{[%clk 0:13:04]} Rb8 {[%clk 0:27:13]} 22. Rxd7 {[%clk 0:12:18]} Bxd7
{[%clk 0:26:34]} 23. h5 {[%clk 0:12:32]} Be8 {[%clk 0:25:01]} 24. Bf4
{[%clk 0:12:11]} e5 {[%clk 0:24:17]} 25. Bg5 {[%clk 0:12:11]} Rb6
{[%clk 0:23:12]} 26. hxg6 {[%clk 0:12:01]} fxg6 {[%clk 0:23:29]} 27. Rd1
{[%clk 0:10:57]} Rd6 {[%clk 0:22:41]} 28. Bd5+ {[%clk 0:08:07]} Bf7
{[%clk 0:22:30]} 29. Bxf7+ {[%clk 0:08:09]} Kxf7 {[%clk 0:22:52]} 30. Re1
{[%clk 0:08:21]} Re6 {[%clk 0:19:19]} 31. f4 {[%clk 0:07:53]} e4 {[%clk 0:17:26]}
32. Rf1 {[%clk 0:06:37]} Kg8 {[%clk 0:16:35]} 33. f5 {[%clk 0:06:43]} gxf5
{[%clk 0:16:49]} 34. Bf6 {[%clk 0:06:16]} Qg3 {[%clk 0:16:06]} 35. Rxf5
{[%clk 0:03:14]} Qe1+ {[%clk 0:16:17]} 36. Qc1 {[%clk 0:03:33]} Qxc1+
{[%clk 0:16:41]} 37. Kxc1 {[%clk 0:03:57]} Nd7 {[%clk 0:16:39]} 38. Bh4
{[%clk 0:04:00]} Rg6 {[%clk 0:16:11]} 39. g3 {[%clk 0:04:08]} Rd6
{[%clk 0:15:50]} 40. Bg5 {[%clk 0:03:45]} Kg7 {[%clk 0:15:12]} 41. Be3
{[%clk 0:03:58]} c4 {[%clk 0:15:13]} 42. Rf4 {[%clk 0:03:20]} Nf6
{[%clk 0:14:35]} 43. c3 {[%clk 0:03:11]} Re6 {[%clk 0:12:21]} 44. Kd2
{[%clk 0:03:20]} Nd5 {[%clk 0:12:19]} 45. Bd4+ {[%clk 0:03:12]} Kg6
{[%clk 0:12:11]} 46. Rf8 {[%clk 0:03:17]} Kg5 {[%clk 0:11:36]} 47. Rd8
{[%clk 0:03:16]} Ne7 {[%clk 0:11:08]} 48. Rh8 {[%clk 0:03:07]} h5
{[%clk 0:10:27]} 49. Re8 {[%clk 0:02:43]} Kf5 {[%clk 0:07:43]} 50. Rf8+
{[%clk 0:02:53]} Kg4 {[%clk 0:07:06]} 51. Re8 {[%clk 0:03:14]} e3+
{[%clk 0:06:46]} 52. Bxe3 {[%clk 0:02:56]} Rd6+ {[%clk 0:07:09]} 53. Ke2
{[%clk 0:03:04]} Nf5 {[%clk 0:07:06]} 54. Bf4 {[%clk 0:02:48]} Nxg3+
{[%clk 0:06:12]} 55. Bxg3 {[%clk 0:02:30]} Kxg3 {[%clk 0:06:34]} 56. Rg8+
{[%clk 0:02:48]} Kf4 {[%clk 0:06:57]} 57. Rf8+ {[%clk 0:02:28]} Kg5
{[%clk 0:07:16]} 58. Rg8+ {[%clk 0:02:50]} Rg6 {[%clk 0:07:27]} 59. Rh8
{[%clk 0:03:01]} Kg4 {[%clk 0:07:32]} 60. Kf2 {[%clk 0:03:15]} h4
{[%clk 0:07:54]} 61. Kg2 {[%clk 0:03:33]} Rg5 {[%clk 0:06:56]} 62. Ra8
{[%clk 0:03:00]} Rg6 {[%clk 0:07:13]} 63. Rd8 {[%clk 0:02:58]} Kf4+
{[%clk 0:07:26]} 64. Kh3 {[%clk 0:03:16]} Rg3+ {[%clk 0:07:44]} 65. Kxh4
{[%clk 0:03:16]} Rg2 {[%clk 0:08:06]} 66. Rf8+ {[%clk 0:03:39]} Ke3
{[%clk 0:08:29]} 67. Ra8 {[%clk 0:03:49]} Rxb2 {[%clk 0:08:52]} 68. Rxa6
{[%clk 0:04:02]} Kd3 {[%clk 0:09:19]} 69. Ra3 {[%clk 0:04:15]} Rc2
{[%clk 0:09:43]} 70. Ra5 {[%clk 0:04:38]} Kxc3 {[%clk 0:10:10]} 71. Rxb5
{[%clk 0:04:49]} Rxa2 {[%clk 0:10:34]} 72. Kg3 {[%clk 0:04:58]} Rd2
{[%clk 0:10:48]} 73. Kf3 {[%clk 0:05:20]} Kc2 {[%clk 0:11:14]} 74. Ke3
{[%clk 0:05:43]} Rd8 {[%clk 0:11:30]} 75. Rc5 {[%clk 0:05:30]} c3
{[%clk 0:11:54]} 76. Rc7 {[%clk 0:05:32]} Kb2 {[%clk 0:12:11]} 77. Rb7+
{[%clk 0:05:54]} Kc1 {[%clk 0:12:37]} 78. Rc7 {[%clk 0:06:12]} c2
{[%clk 0:13:04]} 79. Rc6 {[%clk 0:06:37]} Kd1 {[%clk 0:13:09]} 0-1